<?xml version="1.0" encoding="UTF-8"?>
<record
    xmlns:xsi="http://www.w3.org/2001/XMLSchema-instance"
    xsi:schemaLocation="http://www.loc.gov/MARC21/slim http://www.loc.gov/standards/marcxml/schema/MARC21slim.xsd"
    xmlns="http://www.loc.gov/MARC21/slim">

  <leader>01148cam a2200229Ia 4500</leader>
  <datafield tag="020" ind1=" " ind2=" ">
    <subfield code="a">9789251061428</subfield>
  </datafield>
  <datafield tag="020" ind1=" " ind2=" ">
    <subfield code="a">9251061424</subfield>
  </datafield>
  <datafield tag="040" ind1=" " ind2=" ">
    <subfield code="c">BTCTA</subfield>
  </datafield>
  <datafield tag="082" ind1=" " ind2=" ">
    <subfield code="a">FAO NEW 2009 C136 Or.</subfield>
  </datafield>
  <datafield tag="245" ind1="0" ind2="0">
    <subfield code="a">New light on a hidden treasure :</subfield>
    <subfield code="b">International Year of the Potato 2008, an end-of-year review /</subfield>
  </datafield>
  <datafield tag="246" ind1="3" ind2="0">
    <subfield code="a">International Year of the Potato 2008 :</subfield>
    <subfield code="b">new light on a hidden treasure : an end-of-year review</subfield>
  </datafield>
  <datafield tag="300" ind1=" " ind2=" ">
    <subfield code="a">vi, 134 pages :</subfield>
    <subfield code="b">color illustrations, color maps ;</subfield>
    <subfield code="c">25 cm</subfield>
  </datafield>
  <datafield tag="500" ind1=" " ind2=" ">
    <subfield code="a">Statement of responsibilities from colophon</subfield>
  </datafield>
  <datafield tag="520" ind1=" " ind2=" ">
    <subfield code="a">This end-of-year review records the International Year of the Potato (IYP)'s achievements and highlights its message that the potato is a vital part of the global food system, and will play a role in strengthening world food security and alleviating poverty. This book seeks to contribute to strengthening the potato industry.--Publisher's description</subfield>
  </datafield>
  <datafield tag="650" ind1=" " ind2="0">
    <subfield code="a">Potatoes</subfield>
  </datafield>
  <datafield tag="650" ind1=" " ind2="0">
    <subfield code="a">Potato industry.</subfield>
  </datafield>
  <datafield tag="650" ind1=" " ind2="0">
    <subfield code="a">Potato growers.</subfield>
  </datafield>
  <datafield tag="700" ind1="1" ind2=" ">
    <subfield code="a">Gr&#xA9;&#x152;me, Thomas.</subfield>
  </datafield>
  <datafield tag="700" ind1="1" ind2=" ">
    <subfield code="a">Sansonetti, Giulio.</subfield>
  </datafield>
  <datafield tag="856" ind1="1" ind2="1">
    <subfield code="u">ftp://ftp.fao.org/docrep/fao/011/i0500e/i0500e.pdf</subfield>
  </datafield>
  <datafield tag="942" ind1=" " ind2=" ">
    <subfield code="c">AEDBB</subfield>
  </datafield>
  <datafield tag="999" ind1=" " ind2=" ">
    <subfield code="c">21091</subfield>
    <subfield code="d">21091</subfield>
  </datafield>
  <datafield tag="952" ind1=" " ind2=" ">
    <subfield code="0">0</subfield>
    <subfield code="1">0</subfield>
    <subfield code="4">0</subfield>
    <subfield code="6">FAO_NEW_2009_000000000000000_C136_OR</subfield>
    <subfield code="7">0</subfield>
    <subfield code="9">92860</subfield>
    <subfield code="a">LBC</subfield>
    <subfield code="b">LBC</subfield>
    <subfield code="c">C136</subfield>
    <subfield code="d">2023-02-07</subfield>
    <subfield code="o">FAO NEW 2009 C136 Or.</subfield>
    <subfield code="p">a071363</subfield>
    <subfield code="r">2023-02-07</subfield>
    <subfield code="w">2023-02-07</subfield>
    <subfield code="y">AEDBB</subfield>
  </datafield>
  <datafield tag="952" ind1=" " ind2=" ">
    <subfield code="0">0</subfield>
    <subfield code="1">0</subfield>
    <subfield code="4">0</subfield>
    <subfield code="6">FAO_NEW_2009_000000000000000_C136_OR</subfield>
    <subfield code="7">0</subfield>
    <subfield code="9">92861</subfield>
    <subfield code="a">LBC</subfield>
    <subfield code="b">LBC</subfield>
    <subfield code="c">C136</subfield>
    <subfield code="d">2023-02-07</subfield>
    <subfield code="o">FAO NEW 2009 C136 Or.</subfield>
    <subfield code="p">a071315</subfield>
    <subfield code="r">2023-02-07</subfield>
    <subfield code="y">AEDBB</subfield>
  </datafield>
  <datafield tag="952" ind1=" " ind2=" ">
    <subfield code="0">0</subfield>
    <subfield code="1">0</subfield>
    <subfield code="4">0</subfield>
    <subfield code="6">FAO_NEW_2009_000000000000000_C136_OR</subfield>
    <subfield code="7">0</subfield>
    <subfield code="9">92862</subfield>
    <subfield code="a">LBC</subfield>
    <subfield code="b">LBC</subfield>
    <subfield code="c">C136</subfield>
    <subfield code="d">2023-02-07</subfield>
    <subfield code="o">FAO NEW 2009 C136 Or.</subfield>
    <subfield code="p">a071311</subfield>
    <subfield code="r">2023-02-07</subfield>
    <subfield code="y">AEDBB</subfield>
  </datafield>
  <datafield tag="952" ind1=" " ind2=" ">
    <subfield code="0">0</subfield>
    <subfield code="1">0</subfield>
    <subfield code="4">0</subfield>
    <subfield code="6">FAO_NEW_2009_000000000000000_C136_OR</subfield>
    <subfield code="7">0</subfield>
    <subfield code="9">92863</subfield>
    <subfield code="a">LBC</subfield>
    <subfield code="b">LBC</subfield>
    <subfield code="c">C136</subfield>
    <subfield code="d">2023-02-07</subfield>
    <subfield code="o">FAO NEW 2009 C136 Or.</subfield>
    <subfield code="p">a071307</subfield>
    <subfield code="r">2023-02-07</subfield>
    <subfield code="y">AEDBB</subfield>
  </datafield>
</record>
